000 00644nam a2200229Ia 4500
003 OSt
005 20220924124626.0
006 a|||||r|||| 00| 0
007 ta
008 220923b |||||||| |||| 00| 0 tel d
024 _a330820
037 _cTextual
040 _aARTS
_cARTS
_btel
041 _2tel
_atel
082 _aO32,1M77w, 35M3
100 _aSrinivasacharyulu B.V.
_9196425
245 0 _aMahakavi ulloor
260 _aNew Delhi
_b Sahitya Akademi India
_c1983
650 _aMALAYALAM LITERATURE
_938866
942 _hO32,1M77w, 35M3
_cTEXL
_2CC
999 _c420286
_d420286